00534nam a2200181Ia 450000500170000000800410001702000150005808200220007310000140009524500600010926000280016930000120019765000120020965000110022194200060023295200990023899900150033720250106054208.0240331s9999 xx 000 0 und d a0415039703 bDAV23579a305.23 aMorley, D 0aFamily Television:bCultural Power and Domestic Leisure aLondonbRoutledgec1986 a178 p., aCulture aFamily cL 001040708LaWERCLbWERCLcSSCd2024-03-31l0o 305.234 MORp3579r2024-03-31w2024-03-31yL c1551d1551